| 000 | 00405pab a2200157 454500 | ||
|---|---|---|---|
| 008 | 180718b2003 xxu||||| |||| 00| 0 eng d | ||
| 100 | _aTrivedi, Shivam | ||
| 245 | _aAir quality status in Varanasi city | ||
| 260 | _c2003 | ||
| 300 | _ap.75-84. | ||
| 362 | _aDec | ||
| 650 | _aAir pollution | ||
| 700 | _aAgrawal, Madhoolika | ||
| 773 | _aJournal of Environmental Studies and Policy | ||
| 909 | _a60460 | ||
| 999 |
_c60460 _d60460 |
||